LEADER 01073nam a2200241 i 4500 001 000000243174 003 CaOOAMICUS 005 20201102114720.0 008 150625s1982 it u000 u ita u 013 $a222079 040 $aSeMil$bita 100 1 $aAmbrosetti, Giovanni,$d<1915-1985>.$0(OLS)http://semarc/name/82093 245 10$aAttualità del pensiero di Giuseppe Toniolo /$cdi G. Ambrosetti ... [et al.] ; a cura di Maria Livia Fornaciari Davoli e Giuseppe Russo. 260 $aMilano :$bFranco Angeli,$c1982. 300 $a313 p. ;$c22 cm. 700 1 $aRusso, Giuseppe,$d<1966- >.$0(OLS)http://semarc/name/82095 700 1 $aFornaciari Davoli, Maria Livia.$0(OLS)http://semarc/name/82094 830 0$aUniversità ;$v13.$0(OLS)http://semarc/title/431663 850 $aSeMil 852 $aSeMil$W1$xVenegono$y1$m3N IV 244$j193520$B193520$CSeMilBibl$Z2$F204279 $81 996 $6245$aAttualità del pensiero di Giuseppe Toniolo$9(OLS)http://semarc/title/344988 996 $6260$aMilano :$bFranco Angeli$9(OLS)http://semarc/publisher/30369 LEADER 01175nam a2200289 i 4500 001 000000054802 003 CaOOAMICUS 005 20090423000000.0 008 090423s1997 it u000 u ita u 013 $a25974 020 $a88-311-0110-2 040 $aSeMil$bita 100 1 $aAles Bello, Angela,$d<1939- >.$0(OLS)http://semarc/name/2623 245 10$aCulture e religioni :$buna lettura fenomenologica /$cAngela Ales Bello. 260 $aRoma :$bCittà Nuova,$c1997. 300 $a191 p. ;$c21 cm. 490 0 $aIdee. Filosofia ;$v110 500 $aContiene : Bibliografia. 650 4$aReligione e cultura.$0(OLS)http://semarc/subject/6000 650 4$aReligione - Filosofia.$0(OLS)http://semarc/subject/505 830 0$aIdee. Filosofia ;$v110.$0(OLS)http://semarc/title/608 850 $aSeMil 852 $aSeMil$W1$xVenegono$y1$m2Q II 348$j20956$B20956$CSeMilBibl$Z2$F20958 $81 961 $aAcquisto: Città Nuova 996 $6020$a88-311-0110-2$9(OLS)http://semarc/number/29758 996 $6245$aCulture e religioni :$buna lettura fenomenologica$9(OLS)http://semarc/title/84922 996 $6260$aRoma :$bCittà Nuova$9(OLS)http://semarc/publisher/29609